Twenty One Pilots - Blurryface Lyrics Quiz - Statistics

General Stats
  • This quiz has been taken 607 times
  • The average score is 9 of 14
Answer Stats
Lyrics Song % Correct
I'm fairly local Fairly Local
100%
This is not rap, this is not hip-hop Heavydirtysoul
100%
They say, "stay in your lane, boy" Lane Boy
100%
Polarize is taking your disguises Polarize
100%
I'm fallin' so I'm taking my time on my ride Ride
100%
A bullet for them, a bullet for you Ride
100%
I wish I didn't have to rhyme every time I sang Stressed Out
100%
She's the tear in my heart Tear in My Heart
100%
My taste in music is your face Tear in My Heart
96%
I just wanna stay in the sun where I find Ride
95%
Who would you die for? Ride
95%
Try to sell it, never sell out of it, I'd probably only sell one Stressed Out
95%
Yo, you, bulletproof, in black like a funeral Fairly Local
94%
I'm a goner Goner
94%
I've got two faces, Blurry's the one I'm not Goner
94%
There's an infestation in my mind's imagination Heavydirtysoul
94%
Can you save my heavy dirty soul? Heavydirtysoul
94%
Our hometown's in the dark Hometown
94%
Metaphorically, I'm the man Ride
94%
Used to dream of outer space, but now they're laughing at our face Stressed Out
94%
She's a butcher with a smile Tear in My Heart
94%
You're the judge, oh no The Judge
94%
I wish I found some better sounds no one's ever heard Stressed Out
93%
My name's Blurryface and I care what you think Stressed Out
93%
It'd be to my brother, 'cause we have the same nose Stressed Out
93%
We would build a rocket ship and then we'd fly it far away Stressed Out
93%
Help me Ride
91%
And his four walls declared him insane The Judge
91%
And what we want, we know we can't believe We Don't Believe What's on TV
91%
You've got one time to figure it out Heavydirtysoul
90%
I've been thinking too much Ride
90%
Scared I'll die of uncertainty Doubt
89%
We have a list of people that we would take Ride
89%
When our mama sang us to sleep Stressed Out
89%
But that's okay, I'll just avoid the holes so you sleep fine Tear in My Heart
89%
And we'll make money selling your hair We Don't Believe What's on TV
89%
Death inspires me like a dog inspires a rabbit Heavydirtysoul
88%
But I don't seem to see many bullets coming through Ride
88%
I was told when I get older, all my fears would shrink Stressed Out
88%
Out of student loans and tree house homes, we all would take the latter Stressed Out
88%
Saying "Wake up, you need to make money" Stressed Out
88%
But it takes a song to come around to show you how Tear in My Heart
88%
I'm driving, here I sit, cursing my government Tear in My Heart
88%
For not using my taxes to fill holes with more cement Tear in My Heart
88%
You fell asleep in my car, I drove the whole time Tear in My Heart
87%
A bullet for everybody in this room Ride
86%
I'm no good without you Doubt
85%
See many bullets coming through Ride
85%
Would you ever kill? Ride
85%
Same clothes, homegrown, a stone's throw from a creek we used to roam Stressed Out
85%
But it would remind us of when nothing really mattered Stressed Out
85%
I'm fairly local, good people now Fairly Local
84%
Scared of my own immaturity Doubt
83%
Heard you say, "Not today" Not Today
83%
But it's fun to fantasize Ride
83%
"I'd live for you" and that's hard to do Ride
83%
But now we're stressed out Stressed Out
83%
Sometimes a certain smell will take me back to when I was young Stressed Out
83%
How come I'm never able to identify where it's coming from? Stressed Out
83%
Help me polarize, help me polarize, help me down Polarize
82%
"I'd die for you" that's easy to say Ride
82%
But now I'm insecure, and I care what people think Stressed Out
82%
I'd make a candle out of it if I ever found it Stressed Out
82%
We used to play pretend, used to play pretend, money Stressed Out
82%
Don't let me be gone Goner
81%
Don't trust a perfect person and don't trust a song that's flawless Lane Boy
81%
On my enemies who wouldn't wish who I was Ride
81%
I wish I had a better voice that sang some better words Stressed Out
81%
I wish I found some chords in an order that is new Stressed Out
81%
Mr. Misty-eyed, therefore I'm Heavydirtysoul
80%
Where we're from, we're no one Hometown
80%
They think this thing is a highway Lane Boy
80%
Stayin' in the same room I was born in Not Today
80%
Used to play pretend, give each other different names Stressed Out
80%
I can tell cause it's a bit darker The Judge
80%
The ghost of you is close to me Goner
79%
I'm wanted and on the run Message Man
79%
Sometimes you gotta bleed to know that you're alive and have a soul Tear in My Heart
79%
Because it's what we want to see We Don't Believe What's on TV
79%
The world around us is burning but we're so cold Fairly Local
78%
One time to twist, and one time to shout Heavydirtysoul
78%
My friends and I, we got a lot of problems Polarize
78%
Fear might be the death of me Doubt
77%
(Not today) Not Today
77%
When the leader of the bad guys sang The Judge
77%
Scared of my own image Doubt
76%
Saying stuff like, "You only live once" Heavydirtysoul
76%
Please use discretion when you're messing with the message man Message Man
76%
I'm fallin' Ride
76%
Shaking hands with the dark parts of my thoughts Doubt
75%
Gnawing on the bishops, claw our way up their system Doubt
75%
To avoid yesterday's dance Fairly Local
75%
Somebody catch my breath Goner
75%
Scared you a bit like a hazmat, in a gas mask Lane Boy
75%
I wanted to be a better brother, better son Polarize
75%
I know it's hard sometimes Ride
75%
Wish we could turn back time to the good old days Stressed Out
75%
She's a carver Tear in My Heart
75%
As I plead my case The Judge
75%
I don't know if this song is a surrender or a revel The Judge
75%
Yo, this song will never be on the radio Fairly Local
74%
Therefore, therefore I'm Heavydirtysoul
74%
There's a few songs on this record that feel common Lane Boy
74%
Who would you live for? Ride
74%
I know my soul's freezing The Judge
74%
Gangsters don't cry Heavydirtysoul
73%
Life is up here but you comment below Message Man
73%
Just because I play the piano Not Today
73%
An-nyŏng-ha-se-yo Tear in My Heart
73%
Take me higher than I've ever been Tear in My Heart
73%
I used to say, "I wanna die before I'm old" We Don't Believe What's on TV
73%
I'm the kind of guy, who takes every moment, he knows he can fight it Message Man
72%
All these questions they're for real Ride
72%
Scared of my own ceiling Doubt
71%
I've been around Fairly Local
71%
Together we're losers, remember the future Message Man
71%
But literally, I don't know what I'd do Ride
71%
If you ask Zack, he's my brother, he likes when I rap fast Lane Boy
70%
Remember the morning is when night is dead Message Man
70%
Mindless zombies walking around with a limp and a hunch Heavydirtysoul
69%
Wanted to be a better adversary to the evil I have done Polarize
69%
If it wasn't for this music I don't know how I would have fought this Lane Boy
68%
Domingo en fuego Polarize
68%
Don't forget about me Doubt
67%
Nah, I didn't understand a thing you said Heavydirtysoul
67%
I'm sorry if that question I asked last Lane Boy
67%
You don't know my brain the way you know my name Message Man
67%
I don't know why I just feel I'm better off Not Today
67%
Even harder to say, when you know it's not true Ride
67%
There were people back home who tried talking to you Ride
67%
But then you ignore them still Ride
67%
My heart is my armor Tear in My Heart
67%
Something soft and soaked in pain The Judge
67%
He must've forgot to close his door The Judge
67%
(Yeah, yeah, yeah) We Don't Believe What's on TV
67%
Don't know what's inside of me Doubt
65%
Temperature is dropping Doubt
65%
Though I'm weak and beaten down Goner
65%
I'm in constant confrontation with what I want and what is poppin' Lane Boy
65%
Forget sanity, forget salary, forget vanity, my morality Lane Boy
65%
Release me from the present Message Man
65%
But I know a thing or two about pain and darkness Lane Boy
64%
Set me free The Judge
64%
I know who I truly am Fairly Local
63%
Be the one to take me home and show me the sun Hometown
63%
Even harder to write, when you know that's a lie Ride
63%
Even when I doubt you Doubt
62%
What I shouldn't do I will Fairly Local
62%
Tomorrow I'll keep a beat Fairly Local
62%
Where we're from, there's no sun Hometown
62%
Who would you live and die for on that list? Lane Boy
62%
(Josh Dun) The Judge
62%
But the problem is, there's another list that exists Lane Boy
61%
So I'm taking this moment to live in the future Message Man
61%
What if my dream does not happen? We Don't Believe What's on TV
61%
My shadow tilts its head at me Hometown
60%
The loser hides behind a mask of my disguise Message Man
60%
People they rhyme like this, we're all impressed by this Message Man
60%
This one's a contradiction because of how happy it sounds Not Today
60%
You'll have to come and find me, find me Polarize
60%
Songs on the radio are okay Tear in My Heart
60%
Than I've ever been Tear in My Heart
60%
Hell's hot for good reason The Judge
60%
'Cause if you stick around, I'll sing you pretty sounds We Don't Believe What's on TV
60%
What I want to save I will try Fairly Local
59%
But we go where we want to Lane Boy
59%
Three lights are lit, but the fourth one's out The Judge
59%
I wanna be known by you Goner
58%
Just another attempt to make the voices stop Heavydirtysoul
58%
I wasn't raised in the hood Lane Boy
58%
You don't know what I've done Message Man
58%
Yeah, I think about the end just way too much Ride
58%
I'm alive Tear in My Heart
58%
As he cranked out those dismal chords The Judge
58%
They say I'm emotional Fairly Local
57%
I heard the echo from his secret hideaway The Judge
57%
I don't care what's in your hair We Don't Believe What's on TV
57%
Fear leads to anxiety Doubt
56%
Repeating simple phrases, someone holy insisted Doubt
56%
It's deciding where to die and deciding where to fight Polarize
56%
But it takes someone to come around to show you how Tear in My Heart
56%
So I head out The Judge
56%
Down a route I think is heading south The Judge
56%
I'm not evil to the core Fairly Local
55%
'Cause I'm smoking them out the basement Heavydirtysoul
55%
I will let the wind go quietly Hometown
55%
These lyrics aren't for everyone only few understand Message Man
55%
And music to use it, for others to use it Message Man
55%
Than the last night's bout The Judge
55%
Put away all the gods your father served today Hometown
54%
You are out of my mind Not Today
54%
What I shouldn't do I will fight Fairly Local
53%
Rapping to prove nothing, just writing to say something Heavydirtysoul
53%
Spirits in the dark are waiting Hometown
53%
Regardless, all these songs I'm hearing are so heartless Lane Boy
53%
But let's backtrack Lane Boy
53%
I'm obsessing, all these questions Message Man
53%
Without me in it tryin' to transform it Not Today
53%
You waste all this time tryin' to get to me Not Today
53%
Pieces of peace in the sun's peace of mind Ride
53%
Cut me farther Tear in My Heart
53%
But you are out of my mind Not Today
52%
But the lyrics are so down Not Today
52%
Heard your voice, "there's no choice" Not Today
52%
I forgot about the drought The Judge
52%
But I'm not good with directions The Judge
52%
I probably should've stayed inside my house The Judge
52%
I'm not sure if I can see this ever stopping Doubt
50%
And repeat yesterday's dance Fairly Local
50%
This doesn't mean I lost my dream Heavydirtysoul
50%
Sing it with me if you know what I'm talking about Heavydirtysoul
50%
I know you'll make the fire, my bones will make it grow Hometown
50%
If it was our way, we'd have a tempo change every other time change Lane Boy
50%
And who I am today is worse than other times Message Man
50%
You don't know my heart the way you know my face Message Man
50%
It's okay though because it represents, wait, better yet it is Not Today
50%
Tore the curtains down, windows open, now make a sound Not Today
50%
Oh, don't you test me, no Not Today
50%
All I feel is deny, deny, denial Polarize
50%
Separating 'em, splitting 'em up from wrong and right Polarize
50%
I'm a pro at imperfections and I'm best friends with my doubt The Judge
50%
When I wake up from a dreamer's sleep We Don't Believe What's on TV
50%
I hope that they choke on smoke Heavydirtysoul
48%
So your brain knows to keep going even though hope Message Man
48%
We have all learned to kill our dreams We Don't Believe What's on TV
48%
You are all that I've got Doubt
47%
I truly do have a chance Fairly Local
47%
Hope you're dead 'cause how could you sleep at a time like this? Message Man
47%
I'm sorry Not Today
47%
I need to know We Don't Believe What's on TV
47%
It's the few, the proud, and the emotional Fairly Local
46%
Tomorrow I'll switch the beat Fairly Local
46%
It's just right now I got a really crazy mind to clean Heavydirtysoul
46%
One time to think and I say we start now Heavydirtysoul
46%
And I hide behind my mouth The Judge
46%
And now that my mind's out and now I hear it clear and loud The Judge
46%
I'm thinking, wow The Judge
46%
I truly don't have a chance Fairly Local
45%
I'm inside out, you're underneath Goner
45%
I look outside and see a whole world better off Not Today
45%
Who I feel I am right now Not Today
45%
But I'm, I'm out of my mind Not Today
45%
I want the markings made on my skin Doubt
44%
And no one really wants to think about this Lane Boy
44%
Right time wrong place The Judge
44%
Be the one to take my soul and make it undone Hometown
43%
I know you can bring the fire, I can bring the bones Hometown
43%
My creativity's only free when I'm playing shows Lane Boy
43%
(Alright, second verse) We Don't Believe What's on TV
43%
I'm evil to the core Fairly Local
42%
When the comments will always become common motivation Message Man
42%
Those stairs is where I'll be hidin' all my problems Polarize
42%
Of light bulbs in this house The Judge
42%
I just wanna know what's on your mind We Don't Believe What's on TV
42%
But because of you, I might think twice We Don't Believe What's on TV
42%
'Cause I wasn't the only one who wasn't rushing to say nothing Heavydirtysoul
41%
Back to this Lane Boy
41%
That when I fail you'll still be here We Don't Believe What's on TV
41%
For me, for me Heavydirtysoul
40%
We don't know where to find what once was in our bones Hometown
40%
You're gonna feel the heat of my cavalry Lane Boy
40%
They rip it, flip it but these are just triplets Message Man
40%
You aren't seein' my side Not Today
40%
Listen, I know Not Today
40%
Doesn't mean I'm not willin' to take you down Not Today
40%
I think I lost my halo Polarize
40%
I don't know where you are Polarize
40%
Cause our minds change on what we think is good Lane Boy
39%
Why I'm in denial that they tried this suicidal session Message Man
39%
I've seen the streets you're walking down Fairly Local
38%
But will they be alive tomorrow? Lane Boy
38%
If you get in between someone I love and me Lane Boy
38%
It's just poetry divided Message Man
38%
I'm, I'm out of my mind Not Today
38%
If I didn't know better I'd guess you're all already dead Heavydirtysoul
36%
We don't know how to put back the power in our soul Hometown
36%
In the industry it seems to me that singles on the radio are currency Lane Boy
36%
Would I just change what I've told my friends? We Don't Believe What's on TV
36%
Even if my clique were to pick and the people were to vote Fairly Local
33%
I know I'm emotional Fairly Local
33%
Wrote this in three minutes, three words to a line Message Man
31%
I found my way The Judge
31%
But you and I know it gets better when morning finally rears its head Message Man
30%
To mean something to me again Doubt
29%
Hope you haven't left without me Doubt
29%
Put away your traditions, believe me when I say Hometown
29%
To promote you choose next episode Message Man
29%
Is far from this moment Message Man
29%
I have none to show to the one I love Polarize
29%
I don't wanna know who I would be We Don't Believe What's on TV
29%
What I want to save I'll kill Fairly Local
27%
Is that who I truly am? Fairly Local
27%
I waste all this time tryin' to run from you Not Today
27%
I'm on fire Tear in My Heart
27%
I'm not seein' things right Not Today
24%
You know where I'm coming from Polarize
23%
I'll slip away into the sound Goner
22%
Though I am running to you Polarize
15%
No matching quizzes found
Score Distribution
Percent of People with Each Score
Percentile by Number Answered
Your Score History
You have not taken this quiz